000 00703nam a2200217Ia 4500
003 GCL
008 140319s9999 xx 000 0 ara d
040 _aGCL /
_cGCL
082 0 4 _a621.3
_bع ا
100 1 _aعلى رفعت حمدى
245 1 0 _aاسس الهندسة الكهربائية وتقنيتها /
_cعلى رفعت حمدى
700 1 _aعبدالمنعم موسى
260 _a[S.N] :
_bدار الراتب الجامعية ،
_c1987
300 _a262 ص
490 _a
650 0 4 _aالاضاءة الكهربائية
650 0 4 _aالطاقة الكهربائية
650 0 4 _aالكهروستاتيكية
650 0 4 _aالهندسة الكهربية
942 _2ddc
_cBK
999 _c45441
_d45441